00433nam a22001337a 4500003000400000008004100004020001800045100002100063245005900084250000900143260005300152300000800205650008600213OSt200527b ||||| |||| 00| 0 eng d a9781609134020 aSinko Patrick J. aMartin's Physical Pharmacy and Pharmaceutical Sciences a7th  aNew DelhibLippincott Williams and Wilkinsc2019 a701 aPharmaceutics- Drug Delivery Systems,Pharmaceutical Engineering regulraty Science